Language in South Asia (Record no. 293)

MARC details
000 -LEADER
fixed length control field 00734 a2200265 4500
001 - CONTROL NUMBER
control field 066102
003 - CONTROL NUMBER IDENTIFIER
control field OSt
005 - DATE AND TIME OF LATEST TRANSACTION
control field 20260212103032.0
008 - FIXED-LENGTH DATA ELEMENTS--GENERAL INFORMATION
fixed length control field
082 ## - DEWEY DECIMAL CLASSIFICATION NUMBER
Classification number 306.440954
Item number L26L
245 1# - TITLE STATEMENT
Title Language in South Asia
Statement of responsibility, etc edited by Braj B. Kachru, Yamuna Kachru and S.N. Sridhar
260 ## - PUBLICATION, DISTRIBUTION, ETC. (IMPRINT)
Place of publication, distribution, etc UK
Name of publisher, distributor, etc Cambridge University Press
Date of publication, distribution, etc 2008
300 ## - PHYSICAL DESCRIPTION
Extent 608p.
546 ## - LANGUAGE NOTE
Language note English
650 ## - SUBJECT ADDED ENTRY--TOPICAL TERM
Source of heading or term Multilingualism
650 ## - SUBJECT ADDED ENTRY--TOPICAL TERM
Source of heading or term Sociolinguistics
650 ## - SUBJECT ADDED ENTRY--TOPICAL TERM
Source of heading or term South Asia
650 ## - SUBJECT ADDED ENTRY--TOPICAL TERM
Source of heading or term Indic philology
650 ## - SUBJECT ADDED ENTRY--TOPICAL TERM
Source of heading or term Language planning
650 ## - SUBJECT ADDED ENTRY--TOPICAL TERM
Source of heading or term Language and languages
700 ## - ADDED ENTRY--PERSONAL NAME
Personal name Kachru, Braj B.
Relator term Editor
700 ## - ADDED ENTRY--PERSONAL NAME
Personal name Kachru, Yamuna
Relator term Editor
700 ## - ADDED ENTRY--PERSONAL NAME
Personal name Sridhar, S N
Relator code Editor
942 ## - ADDED ENTRY ELEMENTS (KOHA)
Source of classification or shelving scheme Dewey Decimal Classification
Koha item type Books
Holdings
Withdrawn status Lost status Source of classification or shelving scheme Damaged status Not for loan Collection code Home library Current library Date acquired Source of acquisition Cost, normal purchase price Full call number Barcode Date last seen Price effective from Koha item type Department Inventory number(Invoice/Date)
    Dewey Decimal Classification     General Text Book Central University Of Rajasthan Central University Of Rajasthan 07/03/2012 ENG 1796.00 306.440954 L26L 388 21/11/2024 02/09/2020 Books    
    Dewey Decimal Classification     General Text Book Central University Of Rajasthan Central University Of Rajasthan 15/06/2021 Atlantic Publisher 2647.60 306.440954 L26L 36168 15/06/2021 15/06/2021 Books Linguistics 1121423/03/03/2021